LIBRARY & INFORMATION CENTRE, KCAET, TAVANUR

ONLINE PUBLIC ACCESS CATALOGUE (OPAC)

Criteria for design of reinforced concrete bins for storage of granules and powdary materials,IS:4995-1974 / (Record no. 4173)

MARC details
000 -LEADER
fixed length control field 00938cam a2200145ua 4500
041 ## - LANGUAGE CODE
Language code of text/sound track or separate title eng
082 ## - DEWEY DECIMAL CLASSIFICATION NUMBER
Classification number 624.953
Item number IND/CR
245 ## - TITLE STATEMENT
Title Criteria for design of reinforced concrete bins for storage of granules and powdary materials,IS:4995-1974 /
260 ## - PUBLICATION, DISTRIBUTION, ETC. (IMPRINT)
Place of publication :
Name of publisher ISI ,
Year of publication 1989.
300 ## - PHYSICAL DESCRIPTION
Number of Pages 22 ; .
942 ## - ADDED ENTRY ELEMENTS (KOHA)
Koha item type Books
Holdings
Withdrawn status Lost status Damaged status Home library Current library Date acquired Full call number Accession Number Koha item type
      KAUAET   07/04/2012 624.953 17126 Books
free website counter